Accounting for Dummies (Record no. 1317)

MARC details
005 - DATE AND TIME OF LATEST TRANSACTION
control field 20250411145151.0
020 ## - INTERNATIONAL STANDARD BOOK NUMBER
International Standard Book Number 978-1-118-48222-3
082 ## - DEWEY DECIMAL CLASSIFICATION NUMBER
Classification number 657 TRA
100 ## - MAIN ENTRY--PERSONAL NAME
Author name TRACY, J. A.
245 ## - TITLE STATEMENT
Title Accounting for Dummies
250 ## - EDITION STATEMENT
Edition statement 5th Ed.
260 ## - PUBLICATION, DISTRIBUTION, ETC.
Place of publication, distribution, etc. Indianapolis,
Name of publisher, distributor, etc. John Wiley,
Date of publication, distribution, etc. 2013.
300 ## - PHYSICAL DESCRIPTION
Extent xviii, 390p.: ill.; figure, table.
Other physical details Index.
Dimensions 24cm.
856 ## - ELECTRONIC LOCATION AND ACCESS
Link text Access online book
Electronic name Accounting
Path www.wiley.com
942 ## - ADDED ENTRY ELEMENTS (KOHA)
Source of classification or shelving scheme Dewey Decimal Classification
Koha item type Books
Holdings
Date last seen Total checkouts Full call number Barcode Cost, replacement price Price effective from Koha item type Lost status Source of classification or shelving scheme Damaged status Not for loan Withdrawn status Home library Current library Shelving location Date acquired Cost, normal purchase price
04/11/2025   657 TRA 0000005061 164934.00 04/11/2025 Books   Dewey Decimal Classification       College of Business Education Main Library College of Business Education Main Library General Collection 04/11/2025 54978.00
04/11/2025   657 TRA 0000005062 164934.00 04/11/2025 Books   Dewey Decimal Classification       College of Business Education Main Library College of Business Education Main Library General Collection 04/11/2025 54978.00
04/11/2025   657 TRA 0000005063 164934.00 04/11/2025 Books   Dewey Decimal Classification       College of Business Education Main Library College of Business Education Main Library General Collection 04/11/2025 54978.00
04/11/2025   657 TRA 0000005064 164934.00 04/11/2025 Books   Dewey Decimal Classification       College of Business Education Main Library College of Business Education Main Library General Collection 04/11/2025 54978.00